| Поле | Инд. | ПП | Название | Значение |
|---|---|---|---|---|
| Тип записи | a | |||
| Библиографический уровень | a | |||
| 001 | Контрольный номер | e4deb25932c846c8b8c72771d01046a0 | ||
| 005 | Дата корректировки | 20260703113237.4 | ||
| 040 | a | Служба первич. каталог. | 10013504 | |
| 041 | 0_ | a | Код языка текста | rus |
| 100 | 1_ | a | Автор | Решетникова А.А. |
| q | Полное имя | Решетникова А.А. | ||
| 245 | 10 | a | Заглавие | Об аппроксимации внутренней поверхности лопаток паровых турбин циклическими поверхностями |
| 504 | a | Библиография | Библиогр.: с. 25 (3 назв.) | |
| 653 | 0_ | a | Ключевые слова | АВТОР МАИ |
| 773 | 18 | a | Заголовок основной записи | Московский авиационный институт им. С. Орджоникидзе |
| w | Контрольный № источника | 9806f61984534a77a4221b5b24678949 | ||
| t | Название источника | Труды института | ||
| d | Место и дата издания | Москва : МАИ, 1970 | ||
| g | Прочая информация | Вып. 213. - С. 17-25 | ||
| 901 | t | Тип документа | a |